| 000 | 01239nam a2200277 a 4500 | ||
|---|---|---|---|
| 001 | BRCA_2575 | ||
| 005 | 20190320203855.0 | ||
| 008 | 271108s1875----sp-a---###---#000-0dspa-u | ||
| 041 | _aspa | ||
| 044 | _asp | ||
| 084 |
_a173 _b.M87 _c1875 |
||
| 100 | 1 |
_aCervantes Saavedra, Miguel de _d1547-1616 _9213 |
|
| 245 | 1 | 0 |
_aEl Ingenioso Hidalgo Don Quijote de la Mancha _cpor Miguel de Cervantes Saavedra. |
| 260 |
_aMadrid _bJ. A. Muñoz y Reig _c1875 |
||
| 300 |
_a625 p. _bil. _c33 cm. _e1 mapa |
||
| 500 | _aContenido : Primera parte. Advertencia de los editores. Dedicatoria del autor. Prólogo del autor. Versos preliminares. Vida de Cervantes. Texto. Segunda parte. Dedicatoria del autor. Prólogo del autor. Mapa de parajes donde anduvo D. Quijote. Texto | ||
| 500 | _aEdición : Ilustrada con un mapa y magníficos grabados | ||
| 500 | _aEjemplar del todo igual al LO-172 Lúdovik Osterc | ||
| 650 | 1 | 4 |
_aNovela española _yÉpoca clásica, 1500-1700 _9215 |
| 650 | 1 | 4 |
_aLiteratura española _yÉpoca clásica, 1500-1700 _9216 |
| 650 | 1 | 4 |
_aNovela española _ySiglo XVII _9217 |
| 650 | 1 | 4 |
_aDon Quijote (Personaje ficticio) _eNovela _9218 |
| 740 | 0 | _aEl Ingenioso Hidalgo Don Quijote de la Mancha | |
| 902 | _aQFM | ||
| 942 |
_2lcc _cB |
||
| 999 |
_c2315 _d2315 |
||